A dravidian etymological dictionary (Record no. 361233)

000 -LEADER
fixed length control field 00385cam a22001337a 4500
008 - FIXED-LENGTH DATA ELEMENTS--GENERAL INFORMATION
fixed length control field 180718b1961 xxu||||| |||| 00| 0 eng d
082 ## - DEWEY DECIMAL CLASSIFICATION NUMBER
Classification number A32 DRA/B946
100 ## - MAIN ENTRY--PERSONAL NAME
Personal name Burrow, T.
245 ## - TITLE STATEMENT
Title A dravidian etymological dictionary
Statement of responsibility, etc. by T. Burrow and M.B. Emeneau
260 ## - PUBLICATION, DISTRIBUTION, ETC.
Place of publication, distribution, etc. London
Name of publisher, distributor, etc. OUP
Date of publication, distribution, etc. 1961
300 ## - PHYSICAL DESCRIPTION
Extent 609p.
650 ## - SUBJECT ADDED ENTRY--TOPICAL TERM
Topical term or geographic name entry element Dravidian Languages - Dictionaries
700 ## - ADDED ENTRY--PERSONAL NAME
Personal name Emeneau, M.B.
Holdings
Withdrawn status Lost status Damaged status Not for loan Permanent Location Current Location Date acquired Full call number Barcode Date last seen Price effective from Koha item type
        Indian Institute of Public Administration Indian Institute of Public Administration 1994-03-07 A32 DRA/B946 38922 2018-07-21 2018-07-21 Book

Powered by Koha